Zufällige Fragen zur Luftfahrt - Statistiken

Allgemein
  • Dieses Quiz wurde 162 mal gespielt
  • Das Durchschnittsergebnis liegt bei 5 aus 20
Antwortstatistiken
Frage Antwort % Korrekt
Welche Airlines haben die meisten Abstürze? (beide haben gleichviele) AirFrance, American Airlines
65%
Welches ist das meistgebauteste Flugzeug jemals? Cessna 172/172 Skyhawk/Cutlass/RG und so weiter
58%
Welche Airline hat die größte Flotte an Flugzeugen? American (USA)
38%
Welcher Flughafen hat die meisten Frachtflüge im Jahr? (Stand 2019) Hong Kong Intl. Airport
38%
Welche Airline hat den Slogan ''Low Fares. Nothing to hide.'' SWA
38%
Welche dieser Airlines stellte als letztes den Betrieb ein? (beide im gleichen Monat und Jahr) (Stand 2023) Adria Airways (Slowenien), Thomas Cook (Vereinigtes Königreich)
35%
Welche ist die erfolgreichste Airline in Afrika im Jahr 2019 (ebenfalls nach beförderten Passagieren)? Ethiopian Airlines
35%
Welches dieser Flugzeuge wurde als ''Queen of the skies'' benannt? Boeing 747
27%
Welche ist die erfolgreichste Airline in Europa im Jahr 2019 (Anzahl der beförderten Passagiere)? Ryanair
27%
Welche Airline hat die meisten Airbus Flugzeuge? American Airlines
23%
Aus welchem Land stammt die Airline Sundair Deutschland
23%
Welche Airlines waren bei dem tödlichsten Unfall der Luftfahrt aus dem Jahr 1977 involviert KLM, Pan Am
23%
Welche war im Jahr 2019 die erfolgreichste Südamerikanische Airline nach beförderten Passagieren? LATAM Air
23%
Welche Airline hat die meisten Todesfälle bei Abstürzen usw.? Aeroflot
19%
Welche ist die erfolgreichste Airline in Asien im Jahr 2019 (Anzahl der beförderten Passagiere)? China Southern
19%
Welche Airline hat die meisten Boeings in ihrem Besitz? SWA
15%
Welches Passagierflugzeug war das erste, was nicht mehr auf Propeller setzte, sondern auf Turbinen beziehungsweise Jet Triebwerke? De Havilland Comet
8%
Welche dieser Airlines ist am ältesten? KLM Royal Dutch Airlines
8%
Welcher Flugzeughersteller hat die meisten Flugzeugmodelle hergestellt Boeing
4%
Wofür steht JANET in dem Namen von ''Janet Airlines''? Just Another Non-Existent Terminal
0%
Keine übereinstimmenden Quizze gefunden
Verteilung der Resultate
Anzahl Personen mit jedem Resultat
Perzentil nach korrekt beantworteten Fragen
Ihre Resultats-Entwicklung
Sie haben dieses Quiz noch nicht gespielt